4x4 Grid Match: Movies Quiz Stats

 Plays Quiz Updated Dec 2, 2017

Support Sporcle.
Go Orange.
Score 0/16 Timer 04:00
3 Plays Today
% Correct
Gran Torino
84%
Meet the Parents
79.7%
The Big Lebowski
78.1%
A Few Good Men
76.4%
Batman
74%
The Deer Hunter
70.4%
Chinatown
68.7%
Anger Management
67.5%
% Correct
Escape from Alcatraz
66.7%
Seabiscuit
65.9%
Starman
63.6%
In the Line of Fire
63.6%
The Last Picture Show
62.8%
The Dead Pool
58.2%
Cape Fear
57.8%
The King of Comedy
55.7%

You're not logged in!

Compare scores with friends on all Sporcle quizzes.
OR
Log In
Forgot?

From the Vault

Sunday Crossword: It All Adds Up

by bhenderson79

Just be sure to carry the 4. Otherwise things get weird.
Remove Ads.
Support Sporcle.
Get the best of Sporcle when you Go Orange. This ad-free experience offers more features, more stats, and more fun while also helping to support Sporcle. Thank you for becoming a member.

Show Comments

Extras

Top Quizzes Today


Score Distribution

Your Account Isn't Verified!

In order to create a playlist on Sporcle, you need to verify the email address you used during registration. Go to your Sporcle Settings to finish the process.

Report this User

Report this user for behavior that violates our Community Guidelines.

Details: